=LDR 00000nam 2200000 4500 =001 INLIS000000000010455 =005 20130612102122 =008 ***********************************Ind** =035 ##$$0010-061300000010455 =041 ##$$a Ind =082 ##$$a 657.04 =090 ##$$a 657.04, Wil s =100 ##$$a WILKINSON, Joseph W =245 ##$$a Sistem Akunting dan informasi =260 ##$$a 1996 $b Jakarta =300 ##$$a xi, 434 hlm, ilus, 25 cm =650 ##$$a Akuntansi - Informasi =850 ##$$a NBPNMAT =990 ##$$a 0001/BPAP-NTB/20142014 =990 ##$$a 0001/BPAP-NTB/20142015 =990 ##$$a 0001/BPAP-NTB/20142015